000 00416 a2200145 4500
999 _c3060
_d3060
020 _a9780130805719
050 _aKF242 STE 2003
100 _aStein, Stuart
_eauthor
245 _aLaw on the web :
_ba guide for students and practitioners /
_cStuart , Stein
264 _aLondon ;
_bPrentice Hall.
_c2003
300 _a190p.:
500 _aincludes glossary
650 _alaw on the web
942 _2lcc
_cBK
_h242
_iSTE
_kKF